| 000 | 00727cab a2200253 4500 | ||
|---|---|---|---|
| 001 | WB3433-15 | ||
| 008 | 090401t1998 xxu||||| |||| 00| 0 eng d | ||
| 035 | _a(Sirsi) u88234 | ||
| 041 | _aeng | ||
| 245 | _aBig growth for mail order | ||
| 260 | _c1998 | ||
| 350 | _a0 | ||
| 490 |
_aFinancial Times _v1 September 1998, 8(1) |
||
| 520 | _aA report by Verdict, the research consultant, predicts that home shopping is to increase substantially over the next few years. | ||
| 650 | _aCATALOGUES | ||
| 650 | _aFORECASTS | ||
| 650 | _aHOME SHOPPING | ||
| 650 | _aMAIL ORDER | ||
| 650 | _aRESEARCH | ||
| 650 | _aVERDICT | ||
| 690 | _aPROPERTY-COMMERCIAL PROPERTY-RETAIL PROPERTY | ||
| 942 | _n0 | ||
| 948 | _c02/09/1998 | ||
| 999 |
_c55742 _d55742 |
||